| 000 | 02384nam a22002417a 4500 | ||
|---|---|---|---|
| 003 | BJBSDDR | ||
| 005 | 20260429104629.0 | ||
| 007 | ta | ||
| 008 | 260429s2025 nyu||||| |||| 00| 0 eng d | ||
| 020 | _a9781538771501 | ||
| 020 | _a1538771500 | ||
| 040 |
_bspa _cBJBSDDR |
||
| 041 | _aeng | ||
| 050 | _bD278 2025 | ||
| 100 | 1 |
_aDeakins, Roger _948190 |
|
| 245 | 1 | 0 |
_aReflections : _bon cinematography / _cRoger A. Deakins |
| 250 | _aFirst edition. | ||
| 260 |
_aNew York : _bGrand Central Publishing, _c2025 |
||
| 300 |
_ai, 403 pages : _billustrations ; _c27 cm |
||
| 520 | _aFrom a two-time Academy Award winner widely regarded as the greatest cinematographer of all time--a one-of-a-kind visual memoir, telling his life's story by way of his iconic, beloved films. Cinematography is both an art and science--capturing motion requires a combination of skill, ingenuity, and artistic genius. Lighting, camera movement, and framing are just a few of the important components in the process of turning words on a page into unforgettable moving images. Over the course of a brilliant 50-year career, Sir Roger Deakins has proven to be the greatest artist & visionary that the craft of cinematography has ever known. In Reflections: On Cinematography, Deakins offers his fans and film enthusiasts a one-of-a-kind look into his life and improbable road to Hollywood immortality. Readers will discover how "the boy from Torquay, England" overcame a troubled childhood to enter his way into art school; his fortuitous entry into world of documentary filmmaking (including a yacht race around the world); to shooting groundbreaking music videos such as Herbie Hancock's "Rock It," to his singular film career, including his longtime collaborations with the Coen Brothers, Sam Mendes, and Denis Villeneuve. Filled with never-before-seen storyboards, sketches, and diagrams, Rogers shows readers how he created some of the most iconic scenes in the most beloved films of all time. Through candid, lyrical prose, Deakins reflects on his life and each of his projects; how he helped shape them, and how they shaped him. A truly unique visual memoir, Reflections is for film fans and general readers alike, and for anyone looking to find inspiration, beauty, and creativity by looking through the singular lens with which Roger views the world. | ||
| 942 |
_2lcc _n0 _cBK |
||
| 946 | _icmc | ||
| 999 |
_c126950 _d126950 |
||